| 000 | 00642nam a22002057a 4500 | ||
|---|---|---|---|
| 999 |
_c12638 _d12638 |
||
| 003 | AR-CdUCM | ||
| 008 | 190409b ||||| |||| 00| 0 spa d | ||
| 040 |
_aMUNICIPALIDAD PROVINCIAL DEL CUSCO _cBIBLIOTECA MUNICIPAL DEL CUSCO |
||
| 082 |
_a838.96 / _bZ98 / 1934 |
||
| 100 |
_aZweig, Stefan _910851 |
||
| 245 | _aConfusión de sentimientos / | ||
| 260 |
_aSantiago : _bCultura, _c1934. |
||
| 300 |
_a130 páginas ; _c19 cm. |
||
| 505 | _aContenido : Confusión de sentimientos -- Esta novela ... | ||
| 650 |
_aNovela _9572 |
||
| 650 |
_aNarrativa _967 |
||
| 650 |
_aEspañola _924066 |
||
| 942 |
_2ddc _cLIBROS |
||
| 945 |
_arah _d09/04/2019 |
||